América Latina: ciudadanía, exclusión, violencia /
Guardado en:
| 主要作者: | |
|---|---|
| 其他作者: | |
| 格式: | Texto |
| 標簽: |
添加標簽
沒有標簽, 成為第一個標記此記錄!
|
MARC
| LEADER | 00000 a a2200000 04500 | ||
|---|---|---|---|
| 001 | 43352 | ||
| 003 | |||
| 040 | |||
| 100 | |a Kruijt, Dirk | ||
| 245 | |a América Latina: |b ciudadanía, exclusión, violencia / |c Dirk Kruijt ; Carlos Sojo | ||
| 700 | |a Sojo, Carlos | ||
| 773 | |g páginas 17-48 : tablas | ||
| 999 | |c 26907 |d 26907 | ||
